| LEADER | 01491nam a2200277 a 4500 | ||
|---|---|---|---|
| 001 | GR-Patra26409 | ||
| 003 | GR-PaULI | ||
| 005 | 20240304111540.0 | ||
| 008 | 021213s2003 gr g b 001 b eng d | ||
| 020 | |a 0471273503 | ||
| 040 | |a GR-PaULI |b gre |c GR-PaULI |e AACR2 | ||
| 082 | 0 | 4 | |a 659.1 |2 23 |
| 100 | 1 | |a Hahn, Fred E., |d 1925- |9 202377 |e συγγραφέας. | |
| 245 | 1 | 0 | |a Do-it-yourself advertising and promotion : |b how to produce great ads, brochures, catalogs, direct mail, web sites, and more! / |c Fred E. Hahn ; with Tom Davis, Bob Killian, and Ken Magill. |
| 246 | 1 | 4 | |a |
| 250 | |a 3rd ed. | ||
| 260 | |a Hoboken, N.J. : |b J. Wiley, |c c2003. | ||
| 300 | |a xxxi, 324 σ. : |b εικ. ; |c 26 εκ. | ||
| 504 | |a Περιλαμβάνει βιβλιογραφίες και ευρετήριο. | ||
| 650 | 0 | |a Διαφήμιση |9 20386 | |
| 700 | 1 | |a Davis, Tom |9 202378 |e συγγραφέας. | |
| 942 | |2 ddc |c BK | ||
| 952 | |0 0 |1 0 |2 ddc |4 0 |6 659_100000000000000_HAH |7 1 |9 308728 |a LISK |b LISK |c BSC |d 2021-01-17 |e 24 |f 0 |g 0.00 |l 0 |o 659.1 HAH |p 92410042229 |r 2021-01-17 00:00:00 |t 1 |w 2021-01-17 |y BKN |x 20080708 0 0 |x GrPaTEI | ||
| 952 | |0 0 |1 0 |2 ddc |4 0 |6 659_100000000000000_HAH |7 0 |9 308729 |a LISP |b LISP |c BSC |d 2021-01-17 |e |f |i 42230 |l 0 |o 659.1 HAH |p 025000308329 |r 2021-01-17 00:00:00 |t 2 |w 0000-00-00 |y BK15 |x |x | ||
| 952 | |0 0 |1 0 |2 ddc |4 0 |6 659_100000000000000_HAH |7 0 |9 308730 |a LISP |b LISP |c BSC |d 2021-01-17 |e |f |i 42227 |l 0 |o 659.1 HAH |p 025000308327 |r 2021-01-17 00:00:00 |t 3 |w 0000-00-00 |y BK15 |x |x | ||
| 999 | |c 177875 |d 177875 | ||